Hohenhorst : eine Siedlung in der Freien und Hansestadt Hamburg /

Na minha lista:
Detalhes bibliográficos
Autor principal: Dähn, Arthur (autor)
Formato: Livro
Idioma:German
Publicado em: Hamburgo, Alemania : Hans Christians Druckerei, 1966
Tags: Adicionar Tag
Sem tags, seja o primeiro a adicionar uma tag!

MARC

LEADER 00000nam^a2200000^a^4500
001 000554933
005 20250526000000.0
009 20260310131709.081
037 |a Acervo ITESO - Biblioteca 
041 |a ALE 
091 |a FHA. 00769 
100 |a Dähn, Arthur  |e (autor) 
245 1 0 |a Hohenhorst :  |b eine Siedlung in der Freien und Hansestadt Hamburg / 
264 1 |a Hamburgo, Alemania :  |b Hans Christians Druckerei,  |c 1966 
300 |a 102 p. ;  |c 30.0 cm. 
336 |a texto  |b txt  |2 rdacontenido 
337 |a sin mediación  |b n  |2 rdamedio 
338 |a volumen  |b nc  |2 rdasoporte 
515 |a Inventario familia Hartung: 1001 
649 |a XX 
910 |a Fondo Horst Hartung Franz 
920 |a Impresos - Libros 
930 |a Libros Antiguos y Raros 
905 |a 135 
901 |a 0500332607  |b IT2  |c LRA  |i D  |u 20250526 
902 |a https://opac.biblio.iteso.mx/vufind/Record/000554933